000 00994nam a22003137a 4500
001 BR0003527
003 BR-BrBNA
005 20230928100729.0
007 ta
008 230509b bl.||||| |||| 00| 0 por d
040 _aBR-BrBNA
_bpor
_cBiblioteca Nacional de Agricultura
041 _a(Por)
072 _aK10
090 _ K10 BR0003527
100 1 _aMartins, R.B.
110 1 _aEscola Superior de Agricultura Luiz de Queiroz, Piracicaba, SP (Brasil)
_0Tese (Mestre em Ciencias)
245 1 _aA morte anunciada do plano de desenvolvimento florestal sustentavel do Estado de Sao Paulo
260 3 _aPiracicaba, SP (Brasil):
_c2000.
300 _a101 p.
500 _aSummaries (Eng, Por); 47 ref.
650 _aDesenvolvimento Florestal
650 _aDesenvolvimento Sustentavel
650 _aPolitica de Desenvolvimento
650 _aPlanejamento Florestal
650 _aPolitica Economica
650 _aSao Paulo
909 _a202309
_bLucia
_c55
_dLucia Elande
942 _cBK
999 _c62535
_d62535